| 000 | 01078cam a2200277 a 4500 | ||
|---|---|---|---|
| 005 | 20260322212044.0 | ||
| 008 | data | ||
| 010 | _a 94178730 | ||
| 020 |
_a155874262X (pbk.) : _c{dollar}12.00 |
||
| 020 |
_a9781558742628 (pbk.) : _c{dollar}12.00 |
||
| 040 |
_aViVb _cViVb _dDLC _dDLC |
||
| 042 | _alccopycat | ||
| 050 | 0 | 0 |
_aBL624 _b.C457 1993 |
| 082 | 0 | 0 |
_a158/.12 _220 |
| 092 | _a158.12 C457 1993 | ||
| 245 | 1 | 0 |
_aChicken soup for the soul : _b101 stories to open the heart & rekindle the spirit / _cJack Canfield & Mark Victor Hansen. |
| 260 |
_aDeerfield Beach, FL : _bHealth Communications, _cc1993. |
||
| 300 |
_axviii, 309 p. : _bill. ; _c22 cm. |
||
| 650 | 0 | _aSpiritual life. | |
| 700 | 1 |
_aCanfield, Jack, _d1944- |
|
| 700 | 1 | _aHansen, Mark Victor. | |
| 856 | 4 | 2 |
_3Publisher description _uhttp://www.loc.gov/catdir/enhancements/fy0727/94178730-d.html |
| 856 | 4 | 1 |
_3Sample text _uhttp://www.loc.gov/catdir/enhancements/fy0727/94178730-s.html |
| 856 | 4 | 2 |
_3Contributor biographical information _uhttp://www.loc.gov/catdir/enhancements/fy0735/94178730-b.html |
| 001 | data | ||
| 999 |
_c1032 _d1032 |
||